00262nam a22000977a 4500008004100000082001900041245003000060260003500090300001300125440002600138230703b xxu||||| |||| 00| 0 eng d a348.bCLB 1989 aCommonwealth Law Bulletin bCommonwealth Secretariatc1989 aXL,1329p n3 and 4v22x03050718